Lapins inspirés des personnages Marvel - Statistiques

Statistiques générales
  • Ce quiz a été pris 122 fois
  • Le résultat moyen est 9 sur 10
Statistiques - réponses
Par images Réponse % Correct
Iron man
97%
Thor
97%
Hulk
95%
Captain America
93%
Loki
93%
Docteur Strange
91%
Thanos
84%
Groot
76%
Rocket
70%
Sorcière rouge
64%
Aucun quiz correspondant
Distribution des résultats
% des personnes avec chaque résultat
Percentile par nombre de réponses
Votre historique - résultats
Vous n’avez pas pris ce quiz